000 00491 a2200169 4500
999 _c4697
_d4697
020 _a9780199597208
050 _aKF 801 TAY 2009
100 _aTaylor, Richards
_eauthor
245 _aContract law /
_cRichards Taylor and Damian Taylor
250 _a3rd ed.
264 _aUnited States,
_bOxford University Press,
_c2011
300 _a410p.:
_bill.(col.)
500 _aIncludes index
650 _aLaw
_xcontract
700 _aTaylor, Damian
_eauthor
942 _2lcc
_cBK
_e3rd ed.
_h801
_iTAY
_kKF